000 00504ntaaa2200193 4500
003 01
005 20251027202340.0
008 0714s1973 ag 01
040 _aAR-BaBN
_bspa
_cAR-BaBN
_eaacr
_dRIC
082 _a296.9000 G19
100 _aGartenhaus, Jacob
_915123
245 _aWinning jews to Christ
250 _a1 ed.
260 _aGrand Rapids :
_bZondervan Publishing House,
_cc1963
300 _a182 p
500 _aGanando a los judíos para Cristo
650 _aJudíos
_910184
942 _cBK
999 _c18363
_d18363